| 000 | 00896 a2200217 4500 | ||
|---|---|---|---|
| 001 | 133684 | ||
| 020 | _a85-00-01095-9 | ||
| 040 | _cLeonardo Da Vinci | ||
| 041 | _aPortuguês | ||
| 082 |
_a947.084 R255d _bR255d |
||
| 100 | _aREED, John | ||
| 245 |
_aDez dias que abalaram o mundo _bhistória de uma revolução |
||
| 250 | _a2.ed | ||
| 260 |
_bEdiouro _c2002 _aSão Paulo |
||
| 300 | _a535 | ||
| 362 | _a20020000 | ||
| 490 | _aClássicos de ouro | ||
| 500 | _aDenise Tavares Gonçalves (Tradução) | ||
| 697 |
_aHistória _aReportagens _aRepórteres _aRússia _aRevoluções _aRevolução de fevereiro _aNarrativas pessoais _aRevolução russa _aReportagem jornalística _aRevolução comunista _aCronologia _aRevolução _aContra-revolução _aFrente revolucionária _aMoscou _aCongresso _aCamponeses _aGoverno provisório _aPartidos revolucionários _aLenin _aGuerra _aUnião Soviética |
||
| 942 | _cBK | ||
| 999 |
_c133684 _d133684 |
||